000 00373 a2200169 4500
001 188701
020 _a85-286-1106-X
040 _cMagnum
100 _aBeaumont, Maria
240 1 0 _aMarsha mellow e eu
_lpor
245 1 0 _aMarsha mellow e eu
300 _a293
362 0 _a2005
440 1 _aBertrand Brasil
697 _aLITERATURA GERAL ESTRANGEIRA
942 _cBK
999 _c188701
_d188701